000 00745nam a22002295i 4500
001 175957
003 ES-MaACL
005 20250522163656.0
008 101202s1975 sp f |||| | spa d
020 _a84-387-0011-X
080 _a929 Debussy, Claude
080 _a78 Debussy, Claude
100 1 _aRuiz Tarazona, Andrés.
_9100932
245 1 0 _aClaude Debussy
_b: el genio revolucionario /
_cAndrés Ruiz Tarazona.
260 _aMadrid :
_bReal Musical,
_cD. L. 1975.
300 _a77, [4] p. de lám. bl. y n. ;
_c16 cm.
490 1 _aMúsicos ;
_v10
600 1 7 _aDebussy, Claude,
_d1862-1918
_2embne
_9240620
830 0 _aMúsicos ;
_v10
_9189862
852 _aES-MaACL
_j2268-F-10
_xOlim P-102
999 _c175957
_d175957